| 000 | 00732nam a2200217 a 4500 | ||
|---|---|---|---|
| 001 | 000042803 | ||
| 005 | 20201002040416.0 | ||
| 008 | 140210s1999 sp ac 001 0 spa d | ||
| 020 | _a8420638641 | ||
| 040 |
_aDO-SdBNP _bspa _cBNPHU |
||
| 082 |
_axxx _bxxx |
||
| 100 | 1 |
_aSantamarina, Antonio _d1953- _970147 |
|
| 245 | 1 | 3 |
_aEl cine negro en 100 películas / _cAntonio Santamarina. |
| 260 |
_aMadrid _aAlianza, _c1999. |
||
| 300 |
_a436 p. : _bil. retrs. ; _c16 cm. |
||
| 490 | 1 | _aEl libro de bolsillo | |
| 490 | 1 |
_aLibro práctico y aficiones _aCine y comunicación _v7003 |
|
| 504 | _aBibliografía : P. 427-430 | ||
| 830 | 0 |
_aLibro práctico y aficiones _pCine y comunicación _n7003 _970148 |
|
| 830 | 0 |
_aEl libro de bolsillo _94072 |
|
| 999 |
_c42292 _d42292 |
||